Présidents Amérique Latine photo - Statistiques

Statistiques générales
  • Ce quiz a été pris 100 fois
  • Le résultat moyen est 5 sur 19
Statistiques - réponses
Par images Réponse % Correct
Javier Milei
85%
Nayib Bukele
71%
Nicolás Maduro
66%
Claudia Scheinbaum
60%
Pedro Sánchez
50%
Gustavo Petro
27%
Dina Boluarte
24%
Gabriel Boric
24%
Daniel Ortega
21%
Luis Arce
21%
Daniel Noboa
16%
Xiomara Castro
16%
Miguel Díaz-Canel
15%
Luis Alberto Lacalle Pou
11%
Bernardo Arévalo
10%
Luis Abinader
6%
Rodrigo Chaves Robles
2%
Santiago Peña
2%
José Raúl Mulino
0%
Aucun quiz correspondant
Distribution des résultats
% des personnes avec chaque résultat
Percentile par nombre de réponses
Votre historique - résultats
Vous n’avez pas pris ce quiz